| 000 | 00527 a2200205 4500 | ||
|---|---|---|---|
| 005 | 20260204145840.0 | ||
| 008 | 260204b |||||||| |||| 00| 0 eng d | ||
| 020 |
_a9789394384484 _cRs. 1699.00 |
||
| 040 | _aMAIN | ||
| 082 |
_a358.4 _bP174A |
||
| 100 | _aPalekar, Shriram | ||
| 245 | _aAir power and national security | ||
| 260 |
_bSaddle Publishers _c2022 _aDelhi |
||
| 300 | _aviii, 276 | ||
| 650 | _aMilitary Science | ||
| 650 | _aAir Power | ||
| 650 | _aAir Forces | ||
| 650 | _aAir Warfare | ||
| 942 | _cBK | ||
| 999 |
_c395460 _d395460 |
||